| 000 | 00683nam a22001937a 4500 | ||
|---|---|---|---|
| 999 |
_c6172 _d6172 |
||
| 003 | AR-CdUCM | ||
| 008 | 190313b ||||| |||| 00| 0 esp d | ||
| 040 |
_aMUNICIPALIDAD PROVINCIAL DEL CUSCO _cBIBLIOTECA MUNICIPAL DEL CUSCO |
||
| 082 |
_a869.631 / _bES88 |
||
| 100 |
_aEspinosa, de Pérez Matilde _917837 |
||
| 245 |
_aPasa el viento / _cMatilde Espinoza de Perez |
||
| 260 |
_aBogotá : _bVisión, _c1970. |
||
| 300 |
_a128 paginas ; _c22 cm. |
||
| 505 | _aAlguien llora -- Cuando cae la luz -- Mi sombra -- Cuando caminan las nubes -- El niño que se quedó ciego ... | ||
| 650 |
_aPoesías colombianas _917838 |
||
| 650 |
_aSiglo XX _98 |
||
| 942 |
_2ddc _cLIBROS |
||
| 945 | _aacrt | ||